Catálogo

RESULTADOS DE LA ENCUESTA DE SEGURIDAD DE LA INFORMACION 2011 EN LAS INSTITUCIONES DE EDUCACION SUPERIOR (Registro nro. 59921)

Detalles MARC
000 -LEADER
fixed length control field 00663nam a2200193 a 4500
001 - CONTROL NUMBER
control field 59921
005 - DATE AND TIME OF LATEST TRANSACTION
control field 20180714061017.0
008 - FIXED-LENGTH DATA ELEMENTS--GENERAL INFORMATION
fixed length control field 140415s2013 000 0 spa d
020 ## - INTERNATIONAL STANDARD BOOK NUMBER
International Standard Book Number 9786074510614
041 ## - LANGUAGE CODE
Language code of text/sound track or separate title spa
082 ## - DEWEY DECIMAL CLASSIFICATION NUMBER
Classification number 378.19580972
Item number AQU
100 1# - MAIN ENTRY--PERSONAL NAME
Personal name AQUINO LUNA, RUBEN
245 10 - TITLE STATEMENT
Title RESULTADOS DE LA ENCUESTA DE SEGURIDAD DE LA INFORMACION 2011 EN LAS INSTITUCIONES DE EDUCACION SUPERIOR
250 ## - EDITION STATEMENT
Edition statement 1a ed.
260 ## - PUBLICATION, DISTRIBUTION, ETC.
Place of publication, distribution, etc. MEXICO :
Name of publisher, distributor, etc. ANUIES,
Date of publication, distribution, etc. 2013
300 ## - PHYSICAL DESCRIPTION
Extent 205
490 ## - SERIES STATEMENT
Series statement VOCES DE LA EDUCACION
650 14 - SUBJECT ADDED ENTRY--TOPICAL TERM
Topical term or geographic name entry element UNIVERSIDADES
General subdivision MEXICO
-- PROCESAMIENTO DE DATOS
-- INFORMATICA
-- PROTECCION DE DATOS
-- TECNOLOGIA DE LA INFORMACION
Existencias
Withdrawn status Lost status Source of classification or shelving scheme Damaged status Not for loan Collection code Home library Current library Shelving location Date acquired Source of acquisition Inventory number Total Checkouts Full call number Barcode Date last seen Price effective from Koha item type
    Dewey Decimal Classification     General Biblioteca Karol Wojtyla Biblioteca Karol Wojtyla Sala general 03/12/2013 Compra 151000000000000000045332   378.19580972 AQU 90328 05/01/2026 25/07/2014 Libro
    Dewey Decimal Classification     General Biblioteca Karol Wojtyla Biblioteca Karol Wojtyla Sala general 03/12/2013 Compra 151000000000000000045333   378.19580972 AQU 90329 05/01/2026 25/07/2014 Libro